| 000 | 00639nam a2200205Ia 4500 | ||
|---|---|---|---|
| 003 | GCL | ||
| 008 | 140319s9999 xx 000 0 ara d | ||
| 020 | _a6390208977 | ||
| 040 |
_aGCL / _cGCL |
||
| 082 | 0 | 4 |
_aم _b260.92 _bع م |
| 100 | 1 | _aعبدالمنعم الحفنى | |
| 245 | 1 | 0 |
_aالموسوعة الصوفية / _cعبدالمنعم الحفنى |
| 250 | _aالاولى | ||
| 260 |
_aالقاهرة : _bمكتبة مدبولى ، _c2003 |
||
| 300 |
_a1039 ص ؛ _c24 سم |
||
| 650 | 0 | 4 | _aالتصوف الاسلامى |
| 650 | 0 | 4 | _aالطرق الصوفية |
| 650 | 0 | 4 | _aالمتصوفون - تراجم |
| 942 |
_2ddc _cREF |
||
| 999 |
_c5421 _d5421 |
||